000 00714cam a2200241 4500
001 B2249
008 090401t1989 xxu||||| |||| 00| 0 eng d
035 _a(Sirsi) u48949
041 _aeng
050 _a526.90285
090 _aRICS 1989/9 ABC
110 _aRoyal Institution of Chartered Surveyors
_94900
245 _aSurveying information technology (applying IT to land management). An inter-professional seminar at RICS 1 March 1989
260 _c1989
300 _a53p. ; 30cm.
350 _a0
520 _aOrganised by the Young Professionals Group .
650 _aGIS
650 _aLAND INFORMATION SYSTEMS
710 _aBritish Computer Society
_92880
942 _n0
948 _c04/03/1997
999 _c92440
_d92440